[Event "World op 50th"]
[Site "Philadelphia"]
[Date "2022.06.30"]
[Round "1"]
[White "Clasby, Derek"]
[Black "Nyzhnyk, Illya"]
[Result "1/2-1/2"]
[WhiteElo "2118"]
[BlackElo "2686"]
[PlyCount "102"]
[EventDate "2022.06.30"]
[EventType "swiss"]
[EventRounds "9"]
[EventCountry "USA"]
[SourceTitle "CBM 209 Extra"]
[Source "ChessBase"]
[SourceDate "2022.09.30"]
[SourceVersion "1"]
[SourceVersionDate "2022.09.30"]
[SourceQuality "1"]

1. e4 c6 2. d4 d5 3. Nc3 dxe4 4. Nxe4 Bf5 5. Ng3 Bg6 6. h4 h6 7. h5 Bh7 8. Nf3 e6 9. Bd3 Bxd3 10. Qxd3 Nd7 11. Bf4 Qa5+ 12. Bd2 Qc7 13. 0-0-0 Ngf6 14. Kb1 c5 15. dxc5 Bxc5 16. Ne4 Nxe4 17. Qxe4 Nf6 18. Qh4 0-0-0 19. Bc3 Rxd1+ 20. Rxd1 Rd8 21. Rxd8+ Qxd8 22. b4 Bb6 23. Be5 Kd7 24. a4 a6 25. a5 Ba7 26. Bd4 Bxd4 27. Qxd4+ Ke8 28. Qxd8+ Kxd8 29. Ne5 Nxh5 30. Nxf7+ Ke7 31. Ne5 Nf4 32. g3 Nd5 33. Nd3 h5 34. c4 Nf6 35. Kc2 g5 36. Ne5 Nd7 37. Nf3 Kf6 38. Kc3 Ne5 39. Nh2 Kf5 40. Kd4 Nc6+ 41. Kc5 Ke4 42. Kb6 Nxb4 43. Kxb7 h4 44. c5 Kd5 45. Kb6 h3 46. Ng4 e5 47. f3 Ke6 48. Kb7 Kd5 49. Kb6 Nc6 50. Ne3+ Kd4 51. Ng4 Kd5 1/2-1/2

[Event "Titled Tuesday intern op 21st Jun Early"]
[Site "Chess.com INT"]
[Date "2022.06.21"]
[Round "1"]
[White "Clasby, Derek"]
[Black "Warchol, Kamil"]
[Result "1-0"]
[WhiteElo "2118"]
[BlackElo "1991"]
[PlyCount "97"]
[EventDate "2022.06.21"]
[EventType "swiss (blitz)"]
[EventRounds "11"]
[EventCountry "USA"]
[SourceTitle "EXT 2023"]
[Source "ChessBase"]
[SourceDate "2022.10.05"]
[SourceVersion "1"]
[SourceVersionDate "2022.10.05"]
[SourceQuality "1"]

1. e4 c5 2. Nf3 d6 3. Bc4 Nf6 4. d3 a6 5. a4 Nc6 6. h3 e6 7. 0-0 d5 8. exd5 exd5 9. Ba2 Be7 10. c3 d4 11. cxd4 cxd4 12. Bg5 0-0 13. Bxf6 Bxf6 14. Nbd2 Bf5 15. Ne4 Bxe4 16. dxe4 Re8 17. Re1 d3 18. Bd5 Nb4 19. Bxf7+ Kxf7 20. Qb3+ Kg6 21. Qxb4 a5 22. Qb5 Ra6 23. Qf5+ Kh6 24. e5 g6 25. Qf4+ Bg5 26. Qe4 Rb6 27. Rad1 d2 28. Re2 Rxb2 29. h4 Be7 30. Rexd2 Rxd2 31. Rxd2 Qc8 32. Rc2 Qd7 33. e6 Qd1+ 34. Kh2 Bd6+ 35. g3 Re7 36. Rd2 Qf1 37. Qe3+ Kg7 38. Qd4+ Kh6 39. Qxd6 Rg7 40. Qf4+ g5 41. Qxg5+ Rxg5 42. Nxg5 Qe1 43. Rb2 Kg6 44. Kg2 h6 45. Nf3 Qxe6 46. Rxb7 Qd5 47. Rb5 Qe4 48. Rxa5 Qd3 49. Ne5+ 1-0

[Event "Titled Tuesday intern op 23rd Mar"]
[Site "Chess.com INT"]
[Date "2021.03.23"]
[Round "1"]
[White "Cagara, Paulina"]
[Black "Clasby, Derek"]
[Result "0-1"]
[WhiteElo "2027"]
[BlackElo "2001"]
[PlyCount "32"]
[EventDate "2021.03.23"]
[EventType "swiss (blitz)"]
[EventRounds "11"]
[EventCountry "USA"]
[SourceTitle "CBM 201 Extra"]
[Source "ChessBase"]
[SourceDate "2021.05.31"]
[SourceVersion "1"]
[SourceVersionDate "2021.05.31"]
[SourceQuality "1"]

1. e4 e5 2. Nf3 Nc6 3. c3 Nf6 4. d4 exd4 5. e5 Ne4 6. Qe2 f5 7. exf6 d5 8. f7+ Kxf7 9. Nxd4 Nxd4 10. cxd4 Bb4+ 11. Bd2 Nxd2 12. Kd1 Nxb1 13. Rxb1 Bf5 14. Qf3 Qf6 15. Rc1 c6 16. Be2 Qxd4+ 0-1

[Event "USA National op 51st"]
[Site "ICC INT"]
[Date "2020.11.28"]
[Round "5"]
[White "Clasby, Derek"]
[Black "Sethuraman, Sandeep"]
[Result "1/2-1/2"]
[WhiteElo "2001"]
[BlackElo "2037"]
[PlyCount "240"]
[EventDate "2020.11.27"]
[EventType "swiss"]
[EventRounds "9"]
[EventCountry "USA"]
[SourceTitle "CBM 199 Extra"]
[Source "ChessBase"]
[SourceDate "2021.01.31"]
[SourceVersion "1"]
[SourceVersionDate "2021.01.31"]
[SourceQuality "1"]

1. e4 c5 2. Nf3 d6 3. d4 cxd4 4. Nxd4 Nf6 5. Nc3 a6 6. h3 e5 7. Nde2 h5 8. Bg5 Be6 9. Bxf6 Qxf6 10. Nd5 Qd8 11. Qd3 Nd7 12. 0-0-0 Rc8 13. Kb1 b5 14. f4 Bxd5 15. Qxd5 Qc7 16. Qd2 Nf6 17. Nc3 exf4 18. Bd3 Be7 19. Qxf4 0-0 20. Nd5 Nxd5 21. exd5 h4 22. Rde1 Rce8 23. Qg4 Bd8 24. Rxe8 Rxe8 25. Qh5 Bf6 26. Qh7+ Kf8 27. Qh8+ Ke7 28. Re1+ Be5 29. Qxg7 Kd8 30. Qg5+ Qe7 31. Qe3 Bd4 32. Qxe7+ Rxe7 33. Rf1 Be5 34. c3 Kc7 35. Kc2 Bg3 36. Rf3 Kb6 37. Kb3 Kc5 38. a4 Rb7 39. axb5 axb5 40. Kc2 Kxd5 41. Rf5+ Ke6 42. Rxb5 Rxb5 43. Bxb5 f5 44. Be2 Kd7 45. Kd3 Kc7 46. Kd4 f4 47. Kd5 Bf2 48. Kc4 Kb6 49. Bf3 Bg3 50. Be4 Bf2 51. Kd5 Kc7 52. Ke6 Bg3 53. Bf3 Bf2 54. Kf5 Bg3 55. Ke4 Kb6 56. Kd4 Kc7 57. b3 Bf2+ 58. Ke4 Bg3 59. Kd4 Bf2+ 60. Kd5 Be1 61. Kc4 Kb6 62. b4 Bg3 63. Kd5 Be1 64. Kd4 Kc7 65. Be2 Kb6 66. Kd3 Kc7 67. Kc2 Kb6 68. Kb3 Kc7 69. Ba6 Kb6 70. Bc8 Kc7 71. Be6 Kb6 72. Bd7 Kc7 73. Be8 Kb6 74. Kc4 Kc7 75. Kd4 Kb6 76. Ba4 Kc7 77. Bd1 Kb6 78. Bh5 Kc7 79. Be8 Kb6 80. b5 Kc7 81. c4 Bf2+ 82. Ke4 Bg3 83. Bh5 Bh2 84. Bf3 Bg3 85. Kd5 Bf2 86. Ke6 Bg3 87. Kf5 Kb6 88. Bd5 Kc7 89. Kg5 Kb6 90. Kf6 Kc7 91. Ke7 Bf2 92. Be4 Bg3 93. Ke6 Bf2 94. Bf3 Bg3 95. Kf5 Kb6 96. Ke4 Kc7 97. Kd5 Bf2 98. Ke6 Bg3 99. b6+ Kxb6 100. Kxd6 Bf2 101. Ba8 Bd4 102. Bc6 Bc5+ 103. Kd5 Bf2 104. Be8 Kc7 105. c5 Bg3 106. Bh5 Bf2 107. Bf3 Bg3 108. Ke5 Bf2 109. Kd5 Bg3 110. Bd1 Bf2 111. Ba4 Bg3 112. Ke4 Kd8 113. Kf3 Kc7 114. Kg4 Kd8 115. Kf5 Kc7 116. Ke6 Bf2 117. c6 Bg3 118. Kf5 Kd8 119. Ke4 Kc7 120. Kd5 Bf2 1/2-1/2

[Event "Titled Tuesday intern op 21st July"]
[Site "Chess.com INT"]
[Date "2020.07.21"]
[Round "8"]
[White "Clasby, Derek"]
[Black "Harsha, Bharathakoti"]
[Result "0-1"]
[WhiteElo "2001"]
[BlackElo "2509"]
[PlyCount "50"]
[EventDate "2020.07.21"]
[EventType "swiss (blitz)"]
[EventRounds "10"]
[EventCountry "USA"]
[SourceTitle "CBM 197 Extra"]
[Source "ChessBase"]
[SourceDate "2020.09.30"]
[SourceVersion "1"]
[SourceVersionDate "2020.09.30"]
[SourceQuality "1"]

1. e4 c5 2. Nf3 Nc6 3. d4 cxd4 4. Nxd4 Nf6 5. Nc3 d6 6. Be2 e5 7. Nb3 Be7 8. 0-0 0-0 9. f4 a5 10. Bb5 Nxe4 11. Nd5 a4 12. Nd2 Nf6 13. Nxe7+ Nxe7 14. Bd3 Ng4 15. Qe2 Nd5 16. fxe5 dxe5 17. Nc4 b5 18. Nxe5 Re8 19. Bxh7+ Kxh7 20. Qd3+ Kg8 21. Nxf7 Qb6+ 22. Kh1 Nf2+ 23. Rxf2 Qxf2 24. Nh6+ gxh6 25. Qxd5+ Be6 0-1

[Event "Titled Tuesday intern op 21st July"]
[Site "Chess.com INT"]
[Date "2020.07.21"]
[Round "1"]
[White "Sakorenko, Adriana"]
[Black "Clasby, Derek"]
[Result "1/2-1/2"]
[WhiteElo "2216"]
[BlackElo "2001"]
[PlyCount "138"]
[EventDate "2020.07.21"]
[EventType "swiss (blitz)"]
[EventRounds "10"]
[EventCountry "USA"]
[SourceTitle "CBM 197 Extra"]
[Source "ChessBase"]
[SourceDate "2020.09.30"]
[SourceVersion "1"]
[SourceVersionDate "2020.09.30"]
[SourceQuality "1"]

1. d4 d5 2. Nf3 Nf6 3. c4 e6 4. Nc3 Bb4 5. Qb3 Nc6 6. Bg5 dxc4 7. Qxc4 h6 8. Bh4 Qd5 9. Qd3 g5 10. Bg3 b6 11. a3 Bxc3+ 12. bxc3 Ne4 13. e3 Bb7 14. Bxc7 Rc8 15. Bg3 Na5 16. Rc1 Qa2 17. Qc2 Qxc2 18. Rxc2 Nxc3 19. Bd3 Ke7 20. 0-0 Be4 21. Ne5 Bxd3 22. Nxd3 Nb5 23. Ra2 Rc3 24. a4 Nd6 25. Ne5 Rhc8 26. Raa1 Ne4 27. Rfd1 f6 28. Nf3 Rc2 29. Ne1 Re2 30. Nd3 Nxg3 31. hxg3 Rcc2 32. Rf1 Red2 33. Nb4 Rb2 34. Rab1 Kd6 35. Rfc1 Rxb1 36. Rxb1 Nc4 37. Na6 Rb2 38. Rc1 Nd2 39. Nc7 Kd7 40. Nb5 a6 41. Nc3 b5 42. axb5 axb5 43. d5 b4 44. dxe6+ Kxe6 45. Nb5 Rb1 46. Nd4+ Kd5 47. Rxb1 Nxb1 48. Kf1 Kc4 49. Ke2 Kc3 50. Nb5+ Kc2 51. Nd4+ Kb2 52. Kd3 Nc3 53. Kc4 Nd1 54. Kxb4 Nxf2 55. Nf5 Ng4 56. Kc5 Kc3 57. Kd5 Kd3 58. e4 h5 59. Ng7 h4 60. gxh4 gxh4 61. Nf5 Ne3+ 62. Nxe3 Kxe3 63. Ke6 Kxe4 64. Kxf6 Kf4 65. Kg6 Kg4 66. Kh6 Kf4 67. Kh5 Kg3 68. Kg5 h3 69. gxh3 Kxh3 1/2-1/2

[Event "PNWCC Online blitz JP 10th"]
[Site "Chess.com INT"]
[Date "2020.05.16"]
[Round "10"]
[White "Clasby, Derek"]
[Black "Gabrielian, Artur"]
[Result "0-1"]
[WhiteElo "2001"]
[BlackElo "2463"]
[PlyCount "78"]
[EventDate "2020.05.16"]
[EventType "swiss (blitz)"]
[EventRounds "11"]
[EventCountry "USA"]
[SourceTitle "CBM 196 Extra"]
[Source "ChessBase"]
[SourceDate "2020.07.31"]
[SourceVersion "1"]
[SourceVersionDate "2020.07.31"]
[SourceQuality "1"]

1. e4 c5 2. Nf3 d6 3. d4 cxd4 4. Nxd4 Nf6 5. Nc3 Nc6 6. Bb5 Bd7 7. 0-0 e6 8. Be3 Be7 9. f3 0-0 10. Nb3 a6 11. Be2 b5 12. a4 b4 13. Nb1 d5 14. N1d2 dxe4 15. fxe4 Ne5 16. Nf3 Neg4 17. Qd3 Nxe3 18. Qxe3 Qc7 19. Bd3 e5 20. Kh1 a5 21. Nbd2 Ng4 22. Qe1 Be6 23. h3 Nf6 24. Ng5 Nh5 25. Nxe6 fxe6 26. Nf3 Rad8 27. b3 Kh8 28. Rd1 Rf6 29. Ng5 Rxf1+ 30. Bxf1 Bxg5 31. Rxd8+ Qxd8 32. Bc4 Bf4 33. Bxe6 Ng3+ 34. Kh2 Qd4 35. c3 bxc3 36. b4 axb4 37. Bb3 g6 38. a5 Nxe4+ 39. Kh1 Nf2+ 0-1

[Event "PNWCC Online blitz JP 10th"]
[Site "Chess.com INT"]
[Date "2020.05.16"]
[Round "9"]
[White "Clasby, Derek"]
[Black "Tanenbaum, Zachary Chen"]
[Result "1-0"]
[WhiteElo "2001"]
[BlackElo "2137"]
[PlyCount "53"]
[EventDate "2020.05.16"]
[EventType "swiss (blitz)"]
[EventRounds "11"]
[EventCountry "USA"]
[SourceTitle "CBM 196 Extra"]
[Source "ChessBase"]
[SourceDate "2020.07.31"]
[SourceVersion "1"]
[SourceVersionDate "2020.07.31"]
[SourceQuality "1"]

1. e4 e5 2. Nc3 Nc6 3. Bc4 Nf6 4. f4 exf4 5. Nf3 Bb4 6. e5 Ng4 7. d4 d6 8. exd6 Qxd6 9. 0-0 0-0 10. Nb5 Qh6 11. Nxc7 Rb8 12. Nd5 Bd6 13. Re1 Be6 14. h3 Na5 15. hxg4 Nxc4 16. g5 Qh5 17. Nxf4 Bxf4 18. Bxf4 Rbc8 19. b3 Nb6 20. c4 Bg4 21. Qd3 f6 22. Bd6 Rf7 23. c5 Nd5 24. Qe4 Bxf3 25. Qe8+ Rf8 26. Qe6+ Rf7 27. Qxc8+ 1-0

[Event "PNWCC Online blitz JP 10th"]
[Site "Chess.com INT"]
[Date "2020.05.16"]
[Round "7"]
[White "Kondakov, Adrian"]
[Black "Clasby, Derek"]
[Result "0-1"]
[WhiteElo "1986"]
[BlackElo "2001"]
[PlyCount "96"]
[EventDate "2020.05.16"]
[EventType "swiss (blitz)"]
[EventRounds "11"]
[EventCountry "USA"]
[SourceTitle "CBM 196 Extra"]
[Source "ChessBase"]
[SourceDate "2020.07.31"]
[SourceVersion "1"]
[SourceVersionDate "2020.07.31"]
[SourceQuality "1"]

1. e4 e5 2. Bc4 Nc6 3. Nf3 Nf6 4. d3 Bc5 5. 0-0 0-0 6. a4 d6 7. h3 a6 8. c3 Ba7 9. Re1 Ne7 10. Nbd2 Ng6 11. Nf1 Nh5 12. d4 Nhf4 13. Ng3 Qf6 14. Be3 h5 15. dxe5 dxe5 16. Bxa7 Rxa7 17. Nd2 h4 18. Nh5 Qg5 19. Nxf4 Nxf4 20. Qf3 Bxh3 21. Bf1 Bxg2 22. Bxg2 h3 23. Qg3 Qxg3 24. fxg3 Nxg2 25. Nf1 Nxe1 26. Rxe1 b5 27. a5 c5 28. Rd1 f5 29. Rd5 fxe4 30. Rxe5 Raf7 31. Ne3 Rf2 32. Rxe4 Rxb2 33. g4 b4 34. cxb4 cxb4 35. g5 b3 36. g6 h2+ 37. Kh1 Re2 38. Rh4 Rxe3 39. Rb4 Re2 40. Rf4 Re1+ 41. Kg2 Rxf4 42. Kg3 Rf5 43. Kg4 Rxa5 44. Kf4 b2 45. Kg3 Re3+ 46. Kf4 Rb3 47. Kg4 h1Q 48. Kf4 Qh4# 0-1

[Event "PNWCC Online blitz JP 10th"]
[Site "Chess.com INT"]
[Date "2020.05.16"]
[Round "11"]
[White "Nguyen, Thanh Thuy Tien"]
[Black "Clasby, Derek"]
[Result "1/2-1/2"]
[WhiteElo "1971"]
[BlackElo "2001"]
[PlyCount "164"]
[EventDate "2020.05.16"]
[EventType "swiss (blitz)"]
[EventRounds "11"]
[EventCountry "USA"]
[SourceTitle "CBM 196 Extra"]
[Source "ChessBase"]
[SourceDate "2020.07.31"]
[SourceVersion "1"]
[SourceVersionDate "2020.07.31"]
[SourceQuality "1"]

1. Nf3 Nf6 2. c4 b6 3. Nc3 Bb7 4. d4 g6 5. Qc2 Bg7 6. e4 d6 7. Bd3 0-0 8. 0-0 e5 9. d5 Nbd7 10. Bd2 Nh5 11. b4 Nf4 12. g3 Nxd3 13. Qxd3 h6 14. Nh4 Kh7 15. f4 exf4 16. Bxf4 Qe7 17. Nf3 Rae8 18. Rae1 a6 19. Bd2 Bc8 20. Nd1 Ne5 21. Nxe5 Bxe5 22. Bc3 Bh3 23. Rf2 f5 24. exf5 Bxf5 25. Qd2 Qg7 26. Bxe5 Rxe5 27. Rxe5 Qxe5 28. g4 Rg8 29. gxf5 gxf5+ 30. Rg2 Re8 31. Nc3 f4 32. Qd3+ Kh8 33. Re2 Rg8+ 34. Kf1 Qg5 35. Qd4+ Kh7 36. Qe4+ Kh8 37. Rg2 Qh4 38. Rxg8+ Kxg8 39. Qe6+ Kg7 40. Qd7+ Kg6 41. Qe8+ Kg7 42. Qd7+ Kg6 43. Ne4 f3 44. Qe6+ Kg7 45. h3 h5 46. Qd7+ Kg6 47. Qe8+ Kg7 48. Qe6 Qf4 49. Kf2 a5 50. b5 a4 51. Qe7+ Kg6 52. Qe8+ Kf5 53. Qf7+ Kxe4 54. Qe6+ Kd4 55. Qe7 Kxc4 56. Qxc7+ Kd3 57. Qh7+ Kd4 58. Qg7+ Kxd5 59. Qb7+ Kc4 60. Qxb6 Qh2+ 61. Kxf3 Qxh3+ 62. Ke2 Qg2+ 63. Ke1 Qh1+ 64. Kf2 Qh2+ 65. Kf3 Qh3+ 66. Kf2 Qf5+ 67. Kg3 Qe5+ 68. Kh4 Qxb5 69. Qxd6 Qd5 70. Qb8 Kc3 71. Qb1 Kd4 72. Qd1+ Kc5 73. Qxa4 Qh1+ 74. Kg5 Qg2+ 75. Kxh5 Qh2+ 76. Kg5 Qg2+ 77. Kf5 Qf2+ 78. Ke5 Qe2+ 79. Kf6 Qf3+ 80. Ke7 Qb7+ 81. Ke8 Qc6+ 82. Qxc6+ Kxc6 1/2-1/2

[Event "Wch U12"]
[Site "Santiago de Compostela"]
[Date "2018.11.14"]
[Round "10"]
[White "Oberoi, Shelev"]
[Black "Clasby, Derek"]
[Result "0-1"]
[WhiteElo "1935"]
[BlackElo "2087"]
[PlyCount "74"]
[EventDate "2018.11.04"]
[EventType "swiss"]
[EventRounds "11"]
[EventCountry "ESP"]
[SourceTitle "EXT 2022"]
[Source "ChessBase"]
[SourceDate "2021.10.06"]
[SourceVersion "1"]
[SourceVersionDate "2021.10.06"]
[SourceQuality "1"]

1. d4 Nf6 2. Nf3 g6 3. Nc3 d5 4. Bf4 Bg7 5. Qd2 0-0 6. Bh6 c6 7. h4 Bxh6 8. Qxh6 Ng4 9. Qd2 h5 10. Nh2 Nxh2 11. Rxh2 Qd6 12. f4 Bf5 13. e3 Nd7 14. Bd3 Nf6 15. 0-0-0 b5 16. Re1 Rfd8 17. Ne2 a5 18. Ng3 e6 19. Nh1 b4 20. Nf2 Rac8 21. Kb1 Kh8 22. Rg1 Qe7 23. Be2 c5 24. g4 hxg4 25. Bxg4 Nxg4 26. Nxg4 Kg7 27. h5 Rh8 28. hxg6 fxg6 29. Rxh8 Rxh8 30. Ne5 c4 31. Qg2 Qf6 32. Kc1 Be4 33. Qd2 Qh4 34. Ng4 Qxg4 35. Rxg4 Rh1+ 36. Qd1 Rxd1+ 37. Kxd1 Bf3+ 0-1

[Event "Dulles Cherry Blossom op"]
[Site "Dulles"]
[Date "2018.05.26"]
[Round "2"]
[White "Clasby, Derek"]
[Black "Kraai, Jesse"]
[Result "0-1"]
[WhiteElo "2045"]
[BlackElo "2493"]
[PlyCount "58"]
[EventDate "2018.05.25"]
[EventType "swiss"]
[EventRounds "7"]
[EventCountry "USA"]
[SourceTitle "CBM 184 Extra"]
[Source "ChessBase"]
[SourceDate "2018.06.28"]
[SourceVersion "1"]
[SourceVersionDate "2018.06.28"]
[SourceQuality "1"]

1. e4 e6 2. d4 d5 3. Nd2 Nf6 4. e5 Nfd7 5. Bd3 c5 6. c3 Nc6 7. Ne2 cxd4 8. cxd4 f6 9. exf6 Nxf6 10. 0-0 Bd6 11. Nf3 Qc7 12. Bg5 0-0 13. Nc3 a6 14. Bh4 Nh5 15. Re1 g6 16. a3 Qg7 17. Bf1 Bd7 18. Qd2 Rxf3 19. gxf3 Qxd4 20. Bg5 Qxd2 21. Bxd2 Nd4 22. Red1 Nxf3+ 23. Kh1 Bc6 24. Bg2 Nxh2 25. Be1 Ng4 26. Bh3 Nhf6 27. f3 d4 28. Ne4 Nxe4 29. Bxg4 Ng5 0-1